000 00732nam a2200241Ia 4500
005 20260430150136.0
008 008 250103s9999 xx 000 0 eng d
037 _aTheses
040 _aCRL
040 _beng
040 _ceng
041 _2eng
041 _aeng
084 _qCRL
100 _aKumari Promila Au.; Nagarjun Rajamani Gu.
_91236583
245 0 _aWet Chemical Synthesis and Catalytic Applications of Bi and Sb Containig thoria, Sb, Sn, and Transition Metal Ion (Mn,Co,Ni, and Cu) Substituted Yttria Systems
260 _c2021
300 _a155p.
650 _aChemistry
700 _aUniversity of Delhi. Faculty of Science. Deptt. of Chemistry
_91236464
942 _cTH
999 _c1849054
_d1849054